[Event "I Festival Golfo di Policastro A"]
[Site "San Nicola Arcella ITA"]
[Date "2007.09.20"]
[Round "6"]
[White "Buhmann, Rainer"]
[Black "Efimov, Igor"]
[Result "1/2-1/2"]
[WhiteElo "2583"]
[BlackElo "2426"]
[PlyCount "42"]
[EventDate "2007.09.16"]

1. Nf3 d5 2. d4 e6 3. c4 c6 4. e3 Nf6 5. Nbd2 c5 6. cxd5 exd5 7. Bb5+ Bd7 8.
Qe2 Nc6 9. e4 Be7 10. O-O O-O 11. e5 Ne4 12. Nxe4 dxe4 13. Qxe4 Nxe5 14. Bxd7
Nxf3+ 15. Qxf3 Qxd7 16. dxc5 Bxc5 17. b4 Bxb4 18. Rb1 Bc5 19. Rxb7 Qe6 20. Bb2
Rad8 21. Ba3 Bxa3 1/2-1/2

[Event "I Festival Golfo di Policastro A"]
[Site "San Nicola Arcella ITA"]
[Date "2007.09.20"]
[Round "6"]
[White "Caporale, Giuseppe Guido"]
[Black "Marincolo, Piercarlo"]
[Result "1-0"]
[WhiteElo "1850"]
[BlackElo "1760"]
[PlyCount "125"]
[EventDate "2007.09.16"]

1. e4 c5 2. Nf3 d6 3. d4 cxd4 4. Nxd4 Nf6 5. Nc3 a6 6. Bc4 e6 7. Bb3 Be7 8. O-O
Nbd7 9. Bxe6 fxe6 10. Nxe6 Qa5 11. Nxg7+ Kf7 12. Nf5 Qe5 13. f4 Qe6 14. Qe2 Re8
15. h3 Bf8 16. Nd4 Qe7 17. Qc4+ d5 18. Nxd5 Qc5 19. Ne3+ Qxc4 20. Nxc4 Rxe4 21.
c3 Bc5 22. Kh2 b5 23. Nd2 Re8 24. N2f3 Bb7 25. g4 Ne4 26. h4 Kg8 27. Kh3 h5 28.
g5 Bc8 29. Kh2 Nd6 30. Bd2 Bxd4 31. Nxd4 Nc5 32. Rae1 Rf8 33. Re5 Nce4 34. Bc1
Bf5 35. Nc6 Kg7 36. Be3 Nc4 37. Re7+ Rf7 38. Bd4+ Kg6 39. Re1 Rc8 40. Rxf7 Kxf7
41. Ne5+ Nxe5 42. Bxe5 Rd8 43. Bd4 a5 44. Kg2 b4 45. Kf3 Nd2+ 46. Ke2 Nc4 47.
b3 bxc3 48. Bxc3 Nd6 49. Rc1 Rc8 50. Bb2 Rxc1 51. Bxc1 Nb5 52. Bd2 Bb1 53. Bxa5
Bxa2 54. b4 Ke6 55. Ke3 Kf5 56. Bb6 Nc3 57. Bc5 Nd5+ 58. Kd2 Kxf4 59. b5 Nc7
60. Bd6+ Kg4 61. Bxc7 Be6 62. b6 Bc8 63. g6 1-0

[Event "I Festival Golfo di Policastro A"]
[Site "San Nicola Arcella ITA"]
[Date "2007.09.20"]
[Round "6"]
[White "Colucci, Stefano"]
[Black "Cruz Alvarez De Ron, Dan"]
[Result "0-1"]
[WhiteElo "1944"]
[BlackElo "2204"]
[PlyCount "86"]
[EventDate "2007.09.16"]

1. d4 e6 2. e4 d5 3. Nc3 Bb4 4. e5 b6 5. Bb5+ c6 6. Be2 a5 7. Nf3 Ba6 8. O-O
Nd7 9. Bxa6 Rxa6 10. Qd3 Ra8 11. Bg5 Qc7 12. Rfe1 a4 13. a3 Bf8 14. Ne2 Ne7 15.
Ng3 c5 16. c4 dxc4 17. Qxc4 Nd5 18. Rac1 h6 19. Bd2 Be7 20. Nf5 O-O 21. Nxh6+
gxh6 22. Bxh6 f5 23. Bxf8 Kxf8 24. dxc5 Nxc5 25. Nd4 Qb7 26. Nb5 Ne4 27. Nd6
Bxd6 28. exd6 Nxd6 29. Qh4 Re8 30. Qxa4 b5 31. Qd4 Kf7 32. Qh4 Rg8 33. Qh7+ Rg7
34. Qh5+ Kg8 35. Qh4 Nf4 36. Qd8+ Ne8 37. Qxe8+ Kh7 38. Qc6 Rxg2+ 39. Kf1 Qg7
40. f3 Rg1+ 41. Kf2 Qd4+ 42. Re3 Rxc1 43. Qxc1 Nd3+ 0-1

[Event "I Festival Golfo di Policastro A"]
[Site "San Nicola Arcella ITA"]
[Date "2007.09.20"]
[Round "6"]
[White "Gad, Ahmad"]
[Black "Tondo, Salvatore"]
[Result "0-1"]
[WhiteElo "1796"]
[BlackElo "1915"]
[PlyCount "67"]
[EventDate "2007.09.16"]

1. e4 g6 2. d4 c6 3. Nc3 d5 4. Nf3 Bg7 5. Be3 Bg4 6. Be2 dxe4 7. Nxe4 Nh6 8. c3
O-O 9. Qd2 Nf5 10. Bf4 Nd7 11. h3 Bxf3 12. Bxf3 Nb6 13. O-O Nd5 14. Rfe1 Nxf4
15. Qxf4 e6 16. a4 a5 17. Nc5 Rb8 18. Rad1 Qe7 19. g3 Rfd8 20. Nb3 Ra8 21. d5
cxd5 22. Bxd5 Rd7 23. Bf3 Rxd1 24. Rxd1 e5 25. Qe4 Nd6 26. Qd5 Bf8 27. Nxa5 e4
28. Bg4 h5 29. Be2 e3 30. Rd3 exf2+ 31. Kxf2 Re8 32. Qf3 Ne4+ 33. Kg2 Ng5 34.
Qf2 0-1

[Event "I Festival Golfo di Policastro A"]
[Site "San Nicola Arcella ITA"]
[Date "2007.09.20"]
[Round "6"]
[White "Meijers, Viesturs"]
[Black "Lazic, Miroljub"]
[Result "1/2-1/2"]
[WhiteElo "2483"]
[BlackElo "2470"]
[PlyCount "57"]
[EventDate "2007.09.16"]

1. e4 Nc6 2. d4 e5 3. dxe5 Nxe5 4. f4 Nc6 5. Nf3 Bc5 6. Bd3 d6 7. Nc3 Nf6 8.
Na4 Nb4 9. e5 Ng4 10. Nxc5 dxc5 11. h3 Nh6 12. g4 Nxd3+ 13. Qxd3 Qxd3 14. cxd3
b6 15. f5 Ng8 16. Kf2 Bb7 17. Bg5 f6 18. Bh4 O-O-O 19. Rad1 Rf8 20. Rde1 g6 21.
Rhf1 gxf5 22. gxf5 fxe5 23. Rxe5 Nh6 24. f6 Ng8 25. Rf5 Ne7 26. Rh5 Ng8 27. Rf5
Ne7 28. Rh5 Ng8 29. Rf5 1/2-1/2

[Event "I Festival Golfo di Policastro A"]
[Site "San Nicola Arcella ITA"]
[Date "2007.09.20"]
[Round "6"]
[White "Okhotnik, Vladimir"]
[Black "Damia, Angelo"]
[Result "1-0"]
[WhiteElo "2468"]
[BlackElo "2263"]
[PlyCount "97"]
[EventDate "2007.09.16"]

1. e4 d6 2. d4 Nf6 3. Nc3 e5 4. Nf3 Nbd7 5. Bc4 Be7 6. O-O O-O 7. a4 a5 8. Re1
c6 9. h3 Qc7 10. Ba2 h6 11. Be3 Re8 12. Qe2 Nf8 13. Qc4 Ne6 14. d5 cxd5 15.
exd5 Qxc4 16. Bxc4 Nc7 17. Nd2 Bf5 18. Bb3 Nd7 19. g4 Bg6 20. Nde4 f5 21. gxf5
Bxf5 22. Kh2 Bxe4 23. Nxe4 Nf6 24. Ng3 g6 25. f4 Kh7 26. Rad1 exf4 27. Bxf4 Bf8
28. Rg1 g5 29. Bc1 Bg7 30. Nf5 Ne4 31. Nxg7 Kxg7 32. Be3 Nf6 33. Bb6 Re2+ 34.
Rg2 Rxg2+ 35. Kxg2 Nce8 36. Re1 Kf7 37. Re6 Nh5 38. Re4 Nf4+ 39. Kf3 Nxh3 40.
c4 Nf6 41. Re1 h5 42. c5 h4 43. cxd6 g4+ 44. Kg2 Nf4+ 45. Kg1 Re8 46. Rf1 Nh3+
47. Kh1 g3 48. Rxf6+ Kxf6 49. d7 1-0

[Event "I Festival Golfo di Policastro A"]
[Site "San Nicola Arcella ITA"]
[Date "2007.09.20"]
[Round "6"]
[White "Rahimov, Rahmatjon"]
[Black "Naumkin, Igor"]
[Result "0-1"]
[WhiteElo "2120"]
[BlackElo "2490"]
[PlyCount "110"]
[EventDate "2007.09.16"]

1. e4 e5 2. Nf3 Nc6 3. Bb5 a6 4. Ba4 Nf6 5. O-O Nxe4 6. d4 b5 7. Bb3 d5 8. dxe5
Be6 9. Nbd2 Nc5 10. c3 Be7 11. Bc2 Bg4 12. Re1 Qd7 13. Nb3 Ne6 14. Qd3 Bh5 15.
Nfd4 Ncxd4 16. Nxd4 Bg6 17. Nf5 Bc5 18. Be3 O-O 19. Bxc5 Nxc5 20. Qe3 Ne6 21.
Rad1 c6 22. Nd4 Nxd4 23. Bxg6 Ne6 24. Bf5 Qe7 25. f4 Qa7 26. Qxa7 Rxa7 27. Rf1
a5 28. a3 Rb8 29. Ra1 Re7 30. Rac1 Nc5 31. Bc2 Nd7 32. Bd3 Nb6 33. b3 Nd7 34.
g3 g6 35. Kg2 Kg7 36. Bb1 f6 37. exf6+ Kxf6 38. Kf2 Nc5 39. Bc2 Ne6 40. Bd3 c5
41. Be2 c4 42. bxc4 bxc4 43. Bf3 Rb2+ 44. Kg1 Nc7 45. Rfd1 Ke6 46. Rb1 Rxb1 47.
Rxb1 Kd6 48. Kf2 Kc5 49. a4 d4 50. cxd4+ Kxd4 51. Be2 Nd5 52. Bd1 Kc5 53. Bf3
Nb4 54. Be2 c3 55. Rc1 c2 0-1

[Event "I Festival Golfo di Policastro A"]
[Site "San Nicola Arcella ITA"]
[Date "2007.09.20"]
[Round "6"]
[White "Rotoni, Matteo"]
[Black "Lombardi, Mariano"]
[Result "1/2-1/2"]
[WhiteElo "2074"]
[BlackElo "1877"]
[PlyCount "116"]
[EventDate "2007.09.16"]

1. e4 c5 2. c3 Nf6 3. e5 Nd5 4. d4 e6 5. Nf3 cxd4 6. cxd4 d6 7. a3 Bd7 8. Bd3
Bc6 9. Bd2 Nd7 10. Nc3 Nxc3 11. Bxc3 dxe5 12. dxe5 Bc5 13. O-O a6 14. Qe2 Rc8
15. Nd2 Qc7 16. Ne4 Bxe4 17. Qxe4 Be7 18. Qg4 g6 19. Rfe1 Bc5 20. h4 Nb6 21.
Ba5 Bxf2+ 22. Kxf2 Qc5+ 23. Re3 Qxa5 24. h5 Qd2+ 25. Qe2 Qxe2+ 26. Bxe2 Nd5 27.
Rb3 Rc7 28. Bxa6 Ke7 29. Bxb7 gxh5 30. Bxd5 exd5 31. Rb6 Rg8 32. g3 Rg5 33. Re1
Rf5+ 34. Kg1 Rc2 35. e6 fxe6 36. Rbxe6+ Kd7 37. R6e2 Rxe2 38. Rxe2 Rf3 39. Kg2
Rb3 40. Rc2 Kd6 41. Kf2 Ke5 42. Rd2 Ke4 43. a4 Rb4 44. a5 Ra4 45. b4 Rxb4 46.
Ra2 Rb7 47. a6 Ra7 48. Ke2 Kf5 49. Kf3 Ke5 50. Ke3 Kf5 51. Kd4 Kg4 52. Ra3 h4
53. gxh4 Kxh4 54. Kxd5 h5 55. Kc6 Kg4 56. Kb6 Rxa6+ 57. Rxa6 h4 58. Kc5 h3
1/2-1/2

[Event "I Festival Golfo di Policastro A"]
[Site "San Nicola Arcella ITA"]
[Date "2007.09.20"]
[Round "6"]
[White "Rotstein, Arkadij"]
[Black "Pedersen, Nicolai Vesterbaek"]
[Result "1-0"]
[WhiteElo "2515"]
[BlackElo "2440"]
[PlyCount "86"]
[EventDate "2007.09.16"]

1. Nf3 Nf6 2. c4 e6 3. Nc3 Bb4 4. Qc2 O-O 5. a3 Bxc3 6. Qxc3 b6 7. b4 a5 8. Bb2
axb4 9. axb4 Rxa1+ 10. Bxa1 Bb7 11. e3 Qe7 12. Be2 d6 13. O-O Nbd7 14. d3 e5
15. Nd2 Ra8 16. Bb2 c5 17. Qb3 Bc6 18. e4 Ne8 19. f4 exf4 20. b5 Bb7 21. Rxf4
Nc7 22. Nf1 Ne5 23. Rf2 Qg5 24. Ng3 g6 25. Qc3 Ne6 26. Bc1 Qd8 27. h3 Ra2 28.
Be3 Qa8 29. Bf1 Ra3 30. Qd2 Rb3 31. Bh6 Qa1 32. Kh2 Rb1 33. Be2 Qd4 34. Rf1 Rb2
35. Qd1 Ra2 36. Qb1 Ra8 37. Qc2 Nd8 38. Bg4 Ne6 39. Bxe6 fxe6 40. Qd2 Nf7 41.
Ne2 Qe5+ 42. Bf4 Qg7 43. Bg3 43... g5 {...} 1-0

[Event "I Festival Golfo di Policastro A"]
[Site "San Nicola Arcella ITA"]
[Date "2007.09.20"]
[Round "6"]
[White "Valenti, Giuseppe"]
[Black "Luch, Michal"]
[Result "1/2-1/2"]
[WhiteElo "2221"]
[BlackElo "2362"]
[PlyCount "33"]
[EventDate "2007.09.16"]

1. e4 c5 2. Nf3 a6 3. Nc3 e6 4. d4 cxd4 5. Nxd4 Qc7 6. g3 Bb4 7. Nde2 Nf6 8.
Bg2 O-O 9. O-O Be7 10. Nd4 Nc6 11. Re1 d6 12. Nxc6 bxc6 13. Na4 d5 14. exd5
cxd5 15. c4 Bb7 16. Bf4 Qa5 17. Bd2 1/2-1/2

[Event "I Festival Golfo di Policastro A"]
[Site "San Nicola Arcella ITA"]
[Date "2007.09.20"]
[Round "6"]
[White "Villar Nieves, Antonio"]
[Black "Blasco, Domenico"]
[Result "1-0"]
[WhiteElo "2175"]
[BlackElo "1981"]
[PlyCount "45"]
[EventDate "2007.09.16"]

1. d4 g6 2. e4 Bg7 3. Nc3 d6 4. Be3 a6 5. a4 b6 6. f4 Nf6 7. Nf3 Bb7 8. Bd3
Nbd7 9. O-O O-O 10. h3 Qb8 11. Qe1 Qa7 12. Qh4 Rad8 13. f5 Qa8 14. fxg6 hxg6
15. Ng5 Rfe8 16. Bc4 Rf8 17. e5 dxe5 18. dxe5 Nh5 19. Nxf7 Rxf7 20. Bxf7+ Kf8
21. Bxg6+ Nhf6 22. exf6 Nxf6 23. Qc4 1-0

[Event "I Festival Golfo di Policastro A"]
[Site "San Nicola Arcella ITA"]
[Date "2007.09.21"]
[Round "7"]
[White "Barlotti, Gabriele"]
[Black "Caporale, Giuseppe Guido"]
[Result "0-1"]
[WhiteElo "1660"]
[BlackElo "1850"]
[PlyCount "94"]
[EventDate "2007.09.16"]

1. d4 Nf6 2. c4 c5 3. d5 d6 4. Nc3 g6 5. e4 Bg7 6. Be2 O-O 7. Bg5 Qa5 8. Qd2
Re8 9. Bd3 e6 10. Nge2 Na6 11. O-O Nc7 12. a3 b6 13. b4 Qa6 14. b5 Qb7 15. Bf4
e5 16. Bh6 Bd7 17. Bxg7 Kxg7 18. Ng3 Rf8 19. h4 Qc8 20. h5 h6 21. hxg6 fxg6 22.
f3 Nh7 23. Kh2 Qd8 24. Rh1 Rf4 25. Nce2 Rh4+ 26. Kg1 Rxh1+ 27. Nxh1 Qf6 28.
Nhg3 Rf8 29. Nc3 Ng5 30. Rf1 Qe7 31. Nd1 Nh7 32. Qe1 Qg5 33. Nc3 Ne8 34. Kf2 h5
35. Qe3 h4 36. Qxg5 Nxg5 37. Nge2 h3 38. Ng1 hxg2 39. Kxg2 Rh8 40. Rf2 Nf6 41.
Nce2 Rf8 42. f4 Ng4 43. fxg5 Nxf2 44. Bc2 Ng4 45. Kg3 Ne3 46. Bb3 Nf1+ 47. Kg2
Nd2 0-1

[Event "I Festival Golfo di Policastro A"]
[Site "San Nicola Arcella ITA"]
[Date "2007.09.21"]
[Round "7"]
[White "Bellia, Fabrizio"]
[Black "Meijers, Viesturs"]
[Result "1-0"]
[WhiteElo "2405"]
[BlackElo "2483"]
[PlyCount "73"]
[EventDate "2007.09.16"]

1. e4 c5 2. Nf3 d6 3. d4 cxd4 4. Nxd4 a6 5. c4 Nf6 6. Nc3 g6 7. Be2 Bg7 8. O-O
Nc6 9. Be3 O-O 10. f3 Bd7 11. Qd2 Rc8 12. Rac1 Ne5 13. b3 Nc6 14. Rfd1 Nxd4 15.
Bxd4 Be6 16. Be3 Nd7 17. f4 f6 18. Bf3 Qa5 19. f5 gxf5 20. exf5 Qxf5 21. Bxb7
Rb8 22. Nd5 Rf7 23. Rf1 Qg4 24. h3 Qh4 25. Nf4 Rxb7 26. Nxe6 Rb8 27. Qd5 Ne5
28. c5 dxc5 29. Rxc5 Kh8 30. Bf4 Qh5 31. Ra5 Rg8 32. Rxa6 Bh6 33. Bxe5 Be3+ 34.
Kh2 Qe2 35. Ra8 Rff8 36. Rxf8 Rxf8 37. Qf3 1-0

[Event "I Festival Golfo di Policastro A"]
[Site "San Nicola Arcella ITA"]
[Date "2007.09.21"]
[Round "7"]
[White "Bentivegna, Francesco"]
[Black "Abatino, Maurizio"]
[Result "1-0"]
[WhiteElo "2277"]
[BlackElo "2179"]
[PlyCount "87"]
[EventDate "2007.09.16"]

1. d4 Nf6 2. Bg5 e6 3. e4 h6 4. Bxf6 Qxf6 5. c3 g6 6. Nd2 d6 7. Bd3 Bg7 8. Ne2
Nd7 9. O-O O-O 10. f4 Qe7 11. Nf3 Nf6 12. Ng3 Bd7 13. Qd2 Rae8 14. Rae1 Qd8 15.
e5 Nd5 16. Ne4 Bc6 17. h3 Kh8 18. Nh2 Nb6 19. Ng4 Bxe4 20. Bxe4 d5 21. Bb1 Nc4
22. Qf2 Qe7 23. b3 Nb6 24. Ne3 c5 25. f5 exf5 26. Nxf5 Qg5 27. h4 Qg4 28. Nxg7
Kxg7 29. dxc5 Nd7 30. Qd4 Qe6 31. Bd3 Nxe5 32. c4 dxc4 33. Bxc4 Qe7 34. Bb5 f6
35. Bxe8 Qxe8 36. Rd1 h5 37. Rfe1 Rf7 38. b4 Qa4 39. Rxe5 fxe5 40. Qxe5+ Kh7
41. Rd8 Rg7 42. Qb8 g5 43. Rh8+ Kg6 44. Qd6+ 1-0

[Event "I Festival Golfo di Policastro A"]
[Site "San Nicola Arcella ITA"]
[Date "2007.09.21"]
[Round "7"]
[White "Blasco, Domenico"]
[Black "Tondo, Salvatore"]
[Result "1-0"]
[WhiteElo "1981"]
[BlackElo "1915"]
[PlyCount "121"]
[EventDate "2007.09.16"]

1. d4 Nf6 2. Nf3 c5 3. e3 e6 4. Bd3 d5 5. c3 Nbd7 6. Nbd2 Be7 7. O-O Qc7 8. Re1
O-O 9. e4 cxd4 10. cxd4 dxe4 11. Nxe4 Nxe4 12. Rxe4 Nf6 13. Rh4 g6 14. Ne5 Nd7
15. Nxd7 Bxh4 16. Nxf8 Kxf8 17. Bh6+ Kg8 18. Rc1 Qd8 19. Be4 Bxf2+ 20. Kxf2
Qh4+ 21. Kg1 Qxh6 22. Rc3 Qf4 23. Qc2 Bd7 24. Bxb7 Rb8 25. Be4 f5 26. Bf3 Qxd4+
27. Kh1 Qe5 28. h3 Be8 29. b3 Rd8 30. Rc5 Qe1+ 31. Kh2 f4 32. Qe4 Qxe4 33. Bxe4
Kf7 34. Ra5 Rd7 35. Bc6 Re7 36. Bxe8+ Kxe8 37. Kg1 Kf7 38. Kf2 Kf6 39. Kf3 g5
40. Ke4 h5 41. h4 gxh4 42. Rxh5 e5 43. Rxh4 Kg5 44. Rh8 Kf6 45. Rh6+ Kg5 46.
Rd6 Kg4 47. Rg6+ Kh5 48. Rg8 Kh4 49. b4 Kh5 50. a3 Kh4 51. b5 Kh5 52. a4 Kh4
53. Rg6 Kh5 54. Rc6 Kg4 55. Rc3 Kg5 56. a5 Rb7 57. Rb3 Kf6 58. b6 Ke6 59. Rb5
Kd6 60. a6 Rxb6 61. Rxb6+ 1-0

[Event "I Festival Golfo di Policastro A"]
[Site "San Nicola Arcella ITA"]
[Date "2007.09.21"]
[Round "7"]
[White "Bruno, Franco"]
[Black "Marincolo, Piercarlo"]
[Result "1-0"]
[WhiteElo "1849"]
[BlackElo "1760"]
[PlyCount "67"]
[EventDate "2007.09.16"]

1. e4 c6 2. d4 d5 3. Nc3 dxe4 4. Nxe4 Nf6 5. Ng3 g6 6. Nf3 Bg7 7. h3 Nbd7 8.
Be3 Nd5 9. Qd2 Nxe3 10. Qxe3 Qb6 11. Bc4 O-O 12. Qxe7 Qxb2 13. O-O Qc3 14. Bb3
Bxd4 15. Nxd4 Qxd4 16. Rad1 Qb6 17. Rxd7 Bxd7 18. Qxd7 a5 19. a4 Rad8 20. Qe7
Rde8 21. Bxf7+ Rxf7 22. Qxe8+ Kg7 23. Qe5+ Kg8 24. Ne4 Rf5 25. Qe8+ Kg7 26. Rd1
Qb4 27. Ng3 Rf4 28. Qe5+ Kh6 29. Qe3 Kg7 30. c3 Qxa4 31. Rd7+ Kg8 32. Qe7 Qa1+
33. Kh2 Qxc3 34. Rd8+ 1-0

[Event "I Festival Golfo di Policastro A"]
[Site "San Nicola Arcella ITA"]
[Date "2007.09.21"]
[Round "7"]
[White "Damia, Angelo"]
[Black "Rotoni, Matteo"]
[Result "1-0"]
[WhiteElo "2263"]
[BlackElo "2074"]
[PlyCount "75"]
[EventDate "2007.09.16"]

1. e4 e6 2. d4 d5 3. Nc3 Bb4 4. exd5 exd5 5. Qf3 Ne7 6. Bg5 Be6 7. Bd3 Qd7 8.
Bxe7 Bxe7 9. Nge2 Nc6 10. h3 Bf6 11. O-O-O Nb4 12. Nf4 Bg5 13. Kb1 Bxf4 14.
Qxf4 Nxd3 15. Rxd3 O-O-O 16. a4 Bf5 17. Rf3 Bg6 18. Nb5 a6 19. Nxc7 Qd6 20.
Nxd5 Qxd5 21. Rc3+ Kd7 22. Qc7+ Ke6 23. Re1+ Be4 24. Rxe4+ Qxe4 25. Re3 Rxd4
26. Rxe4+ Rxe4 27. Qxb7 Re1+ 28. Ka2 Rd8 29. Qxa6+ Rd6 30. Qc8+ Ke7 31. Qb7+
Ke8 32. Qc8+ Ke7 33. Qc3 Re2 34. b4 Rdd2 35. Kb2 Rxf2 36. a5 Rxg2 37. a6 Rd7
38. a7 1-0

[Event "I Festival Golfo di Policastro A"]
[Site "San Nicola Arcella ITA"]
[Date "2007.09.21"]
[Round "7"]
[White "Efimov, Igor"]
[Black "Villar Nieves, Antonio"]
[Result "1-0"]
[WhiteElo "2426"]
[BlackElo "2175"]
[PlyCount "73"]
[EventDate "2007.09.16"]

1. d4 Nf6 2. c4 e5 3. dxe5 Ng4 4. e3 Nxe5 5. a3 a5 6. Nc3 Bc5 7. Nh3 Ng6 8. g3
O-O 9. Qh5 Be7 10. f4 d6 11. Bg2 Nd7 12. O-O Nf6 13. Qe2 Bg4 14. Qc2 Qc8 15.
Nf2 Bd7 16. e4 Re8 17. b3 Nf8 18. Bb2 Ng4 19. Nfd1 Bf6 20. h3 Bd4+ 21. Kh1 Nf6
22. Kh2 c5 23. Nf2 Bc6 24. Rad1 Re6 25. Rxd4 cxd4 26. Ne2 Re8 27. Nxd4 Bd7 28.
a4 Qc5 29. Qd2 Rad8 30. Nb5 Bxb5 31. axb5 a4 32. Bxf6 gxf6 33. Ng4 Nd7 34. bxa4
Qxc4 35. Nh6+ Kh8 36. Qxd6 Re6 37. Qd5 1-0

[Event "I Festival Golfo di Policastro A"]
[Site "San Nicola Arcella ITA"]
[Date "2007.09.21"]
[Round "7"]
[White "Epishin, Vladimir V."]
[Black "Rotstein, Arkadij"]
[Result "1/2-1/2"]
[WhiteElo "2587"]
[BlackElo "2515"]
[PlyCount "52"]
[EventDate "2007.09.16"]

1. Nf3 Nf6 2. c4 b6 3. d4 e6 4. g3 Ba6 5. b3 d5 6. cxd5 exd5 7. Bg2 Bb4+ 8. Bd2
Be7 9. Nc3 O-O 10. O-O Bb7 11. Rc1 Na6 12. Ne5 h6 13. a4 Re8 14. Nb5 Bf8 15. e3
Ne4 16. Nd3 c6 17. Nc3 Bd6 18. Rc2 Qe7 19. Bc1 Rad8 20. Bb2 Nb4 21. Nxb4 Bxb4
22. Qc1 h5 23. Nxe4 dxe4 24. Bc3 Bd6 25. Qa1 Qg5 26. Rfc1 26... h4 {...}
1/2-1/2

[Event "I Festival Golfo di Policastro A"]
[Site "San Nicola Arcella ITA"]
[Date "2007.09.21"]
[Round "7"]
[White "Lombardi, Mariano"]
[Black "Rahimov, Rahmatjon"]
[Result "0-1"]
[WhiteElo "1877"]
[BlackElo "2120"]
[PlyCount "96"]
[EventDate "2007.09.16"]

1. e4 e5 2. Nf3 Nc6 3. d4 exd4 4. Nxd4 Nf6 5. Nxc6 bxc6 6. e5 Qe7 7. Qe2 Nd5 8.
c4 Ba6 9. Qe4 Nb6 10. Nd2 d5 11. exd6 cxd6 12. b3 Qxe4+ 13. Nxe4 O-O-O 14. f3
Be7 15. Bb2 f5 16. Ng3 Rhe8 17. O-O-O g6 18. Kc2 Bb7 19. Bd3 d5 20. Rhe1 dxc4
21. bxc4 Bb4 22. Re2 Ba6 23. Rxe8 Rxe8 24. Kb3 Bc5 25. Bf6 Re3 26. Bg5 Rxd3+
27. Rxd3 Bxc4+ 28. Kc2 Bxd3+ 29. Kxd3 Kd7 30. h4 Be7 31. Bxe7 Kxe7 32. h5 Nd5
33. hxg6 hxg6 34. Ne2 Kd6 35. a3 a6 36. g3 c5 37. Kc4 g5 38. a4 Nb6+ 39. Kb3 a5
40. Nc3 c4+ 41. Kc2 Nd5 42. Ne2 Kc5 43. f4 g4 44. Kd2 Nf6 45. Nc3 Ne4+ 46.
Nxe4+ fxe4 47. Ke3 c3 48. f5 Kd5 0-1

[Event "I Festival Golfo di Policastro A"]
[Site "San Nicola Arcella ITA"]
[Date "2007.09.21"]
[Round "7"]
[White "Luch, Michal"]
[Black "Cruz Alvarez De Ron, Dan"]
[Result "1/2-1/2"]
[WhiteElo "2362"]
[BlackElo "2204"]
[PlyCount "83"]
[EventDate "2007.09.16"]

1. e4 e6 2. d3 d5 3. Qe2 dxe4 4. dxe4 b6 5. Nd2 Bb7 6. Ngf3 Nd7 7. g3 Ngf6 8.
Bg2 Nc5 9. e5 Ba6 10. Nc4 Nd5 11. O-O Be7 12. Rd1 O-O 13. Rd4 Qe8 14. Qd1 Rd8
15. Ne3 Nxe3 16. Bxe3 Bb7 17. c3 Nd7 18. Bf4 c5 19. Rd2 Nb8 20. Qc2 Rxd2 21.
Qxd2 Qb5 22. b3 Qd7 23. Qxd7 Nxd7 24. Rd1 Rd8 25. Kf1 Nb8 26. Rxd8+ Bxd8 27.
Ne1 Bxg2+ 28. Kxg2 Nc6 29. Nd3 f6 30. exf6 gxf6 31. g4 Kf7 32. Kf3 Be7 33. Ke4
Bf8 34. Bg3 Ne7 35. c4 Bg7 36. Bb8 Nc6 37. Bf4 Ne7 38. b4 cxb4 39. Nxb4 f5+ 40.
gxf5 exf5+ 41. Kd3 Ke6 42. h3 1/2-1/2

[Event "I Festival Golfo di Policastro A"]
[Site "San Nicola Arcella ITA"]
[Date "2007.09.21"]
[Round "7"]
[White "Okhotnik, Vladimir"]
[Black "Buhmann, Rainer"]
[Result "1/2-1/2"]
[WhiteElo "2468"]
[BlackElo "2583"]
[PlyCount "20"]
[EventDate "2007.09.16"]

1. e4 e6 2. d4 d5 3. exd5 exd5 4. Bd3 Nf6 5. c3 c6 6. h3 Bd6 7. Qf3 Nbd7 8. Bf4
Bxf4 9. Qxf4 O-O 10. Nd2 Re8+ 1/2-1/2

[Event "I Festival Golfo di Policastro A"]
[Site "San Nicola Arcella ITA"]
[Date "2007.09.21"]
[Round "7"]
[White "Pedersen, Nicolai Vesterbaek"]
[Black "Valenti, Giuseppe"]
[Result "1-0"]
[WhiteElo "2440"]
[BlackElo "2221"]
[PlyCount "51"]
[EventDate "2007.09.16"]

1. d4 Nf6 2. c4 e6 3. Nc3 Bb4 4. Qc2 O-O 5. a3 Bxc3+ 6. Qxc3 b6 7. Bg5 Bb7 8.
e3 h6 9. Bh4 d6 10. Ne2 Nbd7 11. Qd3 c5 12. Nc3 d5 13. cxd5 exd5 14. Be2 Re8
15. O-O Rc8 16. Bf3 g5 17. Bg3 Ne4 18. Bg4 c4 19. Qc2 Ra8 20. Nxe4 Rxe4 21. Bf5
Re8 22. f4 Nf8 23. fxg5 hxg5 24. Rf3 Kg7 25. Raf1 f6 26. h4 1-0

[Event "I Festival Golfo di Policastro A"]
[Site "San Nicola Arcella ITA"]
[Date "2007.09.21"]
[Round "7"]
[White "Vuelban, Virgilio"]
[Black "Colucci, Stefano"]
[Result "1-0"]
[WhiteElo "2332"]
[BlackElo "1944"]
[PlyCount "135"]
[EventDate "2007.09.16"]

1. Nf3 Nf6 2. c4 g6 3. b3 Bg7 4. Bb2 O-O 5. g3 c6 6. Qc2 d5 7. d3 Nbd7 8. Nbd2
Re8 9. Ne5 Nxe5 10. Bxe5 Qb6 11. c5 Qd8 12. Bg2 Bd7 13. O-O Qc8 14. b4 Bh3 15.
Nf3 Bxg2 16. Kxg2 Nh5 17. Bxg7 Nxg7 18. d4 Qf5 19. Qxf5 Nxf5 20. a4 f6 21. h3
e5 22. e3 exd4 23. g4 Ng7 24. Nxd4 Ne6 25. Rfd1 Nxd4 26. Rxd4 a6 27. Rb1 Re6
28. b5 axb5 29. axb5 Ra7 30. Kf3 Kf7 31. Rdb4 g5 32. R1b3 Re7 33. Rd3 Ra5 34.
Rc3 Ke6 35. bxc6 bxc6 36. Rb6 Rc7 37. Rb8 Kf7 38. Rb4 Ke6 39. Kg3 Kf7 40. f4
gxf4+ 41. exf4 Rd7 42. Rd4 Rb7 43. Rd1 Rbb5 44. Rdc1 Ke6 45. f5+ Kf7 46. Kh4
Ra8 47. Re3 Raa5 48. Re6 Rxc5 49. Rxc6 Rxc1 50. Rxc1 Ra7 51. Kh5 Kg7 52. Rd1
Rd7 53. Rd4 Rd6 54. h4 h6 55. g5 hxg5 56. hxg5 fxg5 57. Kxg5 Kf7 58. Rh4 Kg7
59. Ra4 Rd7 60. f6+ Kf7 61. Rh4 Kg8 62. Kg6 d4 63. Rh1 d3 64. Ra1 Rd8 65. Rh1
d2 66. f7+ Kf8 67. Rh8+ Ke7 68. Rxd8 1-0

[Event "I Festival Golfo di Policastro A"]
[Site "San Nicola Arcella ITA"]
[Date "2007.09.22"]
[Round "8"]
[White "Abatino, Maurizio"]
[Black "Valenti, Giuseppe"]
[Result "1/2-1/2"]
[WhiteElo "2179"]
[BlackElo "2221"]
[PlyCount "86"]
[EventDate "2007.09.16"]

1. d4 Nf6 2. c4 e6 3. Nc3 Bb4 4. e3 b6 5. Bd3 Bb7 6. Nf3 Ne4 7. O-O Bxc3 8.
bxc3 f5 9. Ne1 O-O 10. f3 Nf6 11. a4 c5 12. a5 bxa5 13. Rf2 Nc6 14. Bf1 cxd4
15. cxd4 d6 16. Qa4 f4 17. Nd3 fxe3 18. Bxe3 Kh8 19. Rb2 Qc7 20. Bf2 Ba6 21.
Nf4 Bc8 22. d5 exd5 23. cxd5 Ne5 24. Qxa5 Qe7 25. Rc1 Ne8 26. Nd3 Nxd3 27. Bxd3
Qg5 28. Qd2 Qd8 29. Ra2 Bb7 30. Ba6 Bxa6 31. Rxa6 Rf7 32. Rca1 Qb8 33. h3 h6
34. Bg3 Rf5 35. Qd3 Rf7 36. Qg6 Rf6 37. Qe4 Rf7 38. Qe6 Rf6 39. Qd7 Qc7 40. Qb5
Rb8 41. Qd3 Rb7 42. Bf2 Rf7 43. Qd4 Nf6 1/2-1/2

[Event "I Festival Golfo di Policastro A"]
[Site "San Nicola Arcella ITA"]
[Date "2007.09.22"]
[Round "8"]
[White "Bagaturov, Giorgi"]
[Black "Okhotnik, Vladimir"]
[Result "1/2-1/2"]
[WhiteElo "2474"]
[BlackElo "2468"]
[PlyCount "53"]
[EventDate "2007.09.16"]

1. Nf3 d6 2. g3 e5 3. d3 f5 4. c4 Nf6 5. Bg2 Be7 6. O-O Nc6 7. Nc3 O-O 8. Rb1
a5 9. a3 Qe8 10. b4 axb4 11. axb4 Qh5 12. b5 Nd8 13. e3 g5 14. Nd2 Qh6 15. Nd5
Nxd5 16. Bxd5+ Be6 17. f4 exf4 18. exf4 Bxd5 19. cxd5 gxf4 20. Nf3 Qg7 21. Bxf4
Bf6 22. Qc2 Rb8 23. Rfe1 Qf7 24. Rb4 Rc8 25. Qb3 Re8 26. Rxe8+ Qxe8 27. Kf2
1/2-1/2